Click to Translate - Uzbek - Statistics

General Stats
  • This quiz has been taken 465 times
  • The average score is 10 of 20
Answer Stats
Hint Answer % Correct
Welcome Xush kelibsiz
68%
Thursday Payshanba
62%
Good morning Xayrli tong
59%
Milk Sut
57%
Thank you Rahmat
56%
Hour Soat
55%
Bird Qush
53%
Twenty Yigirma
53%
Coat Palto
52%
Eat Yemoq
52%
Our Bizning
50%
Nurse Hamshira
48%
White Oq
48%
Take Olmoq
44%
Leg Oyoq
43%
Bread Non
40%
Family Oila
40%
What Nima
36%
Umbrella Soyabon
33%
Table Jadval
28%
No matching quizzes found
Score Distribution
Percent of People with Each Score
Percentile by Number Answered
Your Score History
You have not taken this quiz